00727cam a22002297a 4500001001000000003000500010005001700015008004100032010001000073011001000083035001000093040000900103100003100112245009000143260004100233300002100274502007000295650003200365650002100397650004500418710003400463000069335CHAP20220329141333.0971013d1959 mx r 001|0 spa d a66607 a67579 a77049 cCHAP00aUribe Avendaño, Edmundo.10aTransecto ecológico de los terrenos de la ENA :bLago de Texcoco, Cerro del Tlaloc. aChapingo, Méx. :bEl autor,c1959. a73 h. :b: ilus. aTesis (Ing. Agr. esp. en Bosques) -- ENA. Departamento de Bosques14aBotánicaxMéxico (Edo.)14aLago de Texcoco.14aSuelosxClasificaciónxMéxico (Edo.)0 aENA. Departamento de Bosques.